000 00955nam a2200253 i 4500
003 DO-SdBNP
005 20250307120350.0
006 a||||fr|||| 00| 0
007 ta
008 230503e2013 dr ad||f y||| 001 0 spa d
040 _aDO-SdBNP
_bspa
_cBNPHU
_erda
082 4 _222
_a352.4097293
_bC172inco, 2013
110 1 _aRepública Dominicana.
_bCámara de Cuentas
_912254
245 1 0 _aInforme al Congreso Nacional :
_bEvaluación de la ejecución presupuestaria y la rendición de cuentas generales del Estado. año fiscal 2012.
264 _aSanto Domingo :
_bCámara de Cuentas de la República,
_c2013
300 _a775 páginas :
_bIlustraciones, gráficas ;
_c30 cm
336 _2rdaconten
_atexto
_btxt
337 _2rdamedia
_asin medición
_bn
338 _2rdacarrier
_avolumen
_bnc
500 _aIncluye bibliografía y notas al pie de páginas
500 _aIncluye glosario y anexos.
590 _aInventariado 2023 / MF
942 _2ddc
_cLBS1
999 _c53412
_d53412